| 000 | 00671 am a2200217 a 4500 | ||
|---|---|---|---|
| 005 | 20240625105343.0 | ||
| 008 | 100617s1986||||ag g01 s spaspa d | ||
| 020 | _a9501323013 | ||
| 041 | _aspa | ||
| 092 |
_c860.3 _l8 _sBOR |
||
| 100 | 1 |
_aBorges, Jorge Luís. _91207 |
|
| 245 |
_aBorges. _bCuentos / _cJorge Luís Borges. |
||
| 250 |
_a1a ed. _bSelección, estudio preliminar y notas de María Adela Renard. |
||
| 260 |
_aBuenos Aires: _bKapelusz; _c1986. |
||
| 300 | _a199 p. | ||
| 500 | _aBorges, J. L. (1986). Borges. Cuentos. (1a ed.). Buenos Aires : Kapelusz. | ||
| 590 | _aDonación Sr. Plieger | ||
| 655 |
_aCuentos _92945 |
||
| 930 | _a1677 | ||
| 942 |
_2ddc _cBK |
||
| 999 |
_c381 _d381 |
||